Statistics for Georgetown University

Click here to take the quiz!

General Stats

  • This quiz has been taken 18 times
  • The average score is 22 of 25

Answer Stats

HintAnswer% Correct
SportsWhat is one of the two cross-city rival schools that Georgetown students like to ridicule in sports, academics, etc.?American University | George Washington University
100%
Origins / FactsWhat are Georgetown's colors (Hint: Think Civil War)Blue and gray
100%
SportsMascot "Jack," who attends many a game both as himself and as a costume, is what type of dog?Bulldog
100%
Origins / FactsAnd what neighborhood in that city can one find Georgetown?Georgetown
100%
SportsWhat are Georgetown students and teams called? (Hint: "____ Saxa")Hoyas
100%
Origins / FactsAnd what specific Christian Catholic denomination did he belong to, also known as the Society of Jesus?Jesuit
100%
Origins / FactsWho founded Georgetown?John Carroll
100%
Origins / FactsIn what year was Georgetown founded?1789
93%
SportsWhat athletic conference has Georgetown been a part of since 2013?Big East
93%
AlumniWhich future US president would graduate from Georgetown in 1968?Bill Clinton
93%
SportsAnd which NBA Hall of Famer would be pivotal in this championship, coming back to coach at Georgetown from 2017-2023?Patrick Ewing
93%
SportsWhat Orange-wearing school from New York is considered to be one of Georgetown's biggest sports rivals?Syracuse University
93%
Origins / FactsThe Georgetown campus is a short walk away from the eponymous "Steps" and "House" from which 1973 horror film?The Exorcist
93%
Origins / FactsThe Georgetown campus is also colloquially known as what geographic feature?The Hilltop
93%
SportsWhat Pennsylvania school, also known as the Wildcats, are another one of Georgetown's rivals?Villanova University
93%
Origins / FactsWhat city is Georgetown located in?Washington, DC
93%
SportsWhen did Georgetown win their only NCAA Division I Men's Basketball title, to date?1984
86%
AlumniJim Gaffigan (1988), Nick Kroll (2001), and John Mulaney (2004), among others, have all become icons in what profession after graduating?Comedy
86%
Origins / FactsGeorgetown also boasts GUASFCU, "largest, all student-run" what in the country?Credit Union
86%
AlumniWhich actor and filmmaker transferred to Georgetown from Villanova, graduating in 1997?Bradley Cooper
79%
Origins / FactsGeorgetown is home to "Students of Georgetown, Inc., "the largest entirely student-owned and -operated" what in the US?Corporation
79%
Origins / FactsWhile not an alum, which famous diplomat first started teaching at Georgetown in 1982, and did so through other political positions until her death in 2022?Madeleine Albright
79%
AlumniWhat other NBA Hall of Famer graduated in 1991, becoming a legend for the Houston Rockets?Dikembe Mutombo
71%
AlumniWhich Supreme Court Justice graduated from Georgetown College in 1957?Antonin Scalia
64%
AlumniAfter graduating in 1968, Gloria Macapagal Arroyo would later become the president of which country?the Philippines
43%

Score Distribution

Percentile by Number Answered

Percent of People with Each Score

Your Score History

You have not taken this quiz